A summer story Sheridan's ride : and other poems /

Bibliographic Details
Main Author: Read, Thomas Buchanan, 1822-1872
Format: Microform Book
Language:English
Published: Philadelphia : J.B. Lippincott, 1865.
Series:American Poetry, 1609-1900. no. 2586.
Subjects:

MARC

Tag First Indicator Second Indicator Subfields
LEADER 00000cam a2200000 a 4500
001 in00001370430
005 20151006073913.0
007 hd afu---baca
007 hd bfu---bubu
008 861023s1865 pau a 000 0 eng d
010 |a nuc87696402  
035 |a (OCoLC)14507612 
035 |9 AHH8240AM 
040 |a ResP  |c POG  |d POG  |d RQM  |d UtOrBLW 
049 |a TXAI 
050 1 0 |a PS2684  |b .S8 1865 
050 1 4 |a PS586  |b .A450 pt. 3, no. 2586 
099 |a film  |a B  |a 3870  |a Segment III ; no. 2586). 
100 1 |a Read, Thomas Buchanan,  |d 1822-1872. 
245 1 2 |a A summer story Sheridan's ride :  |b and other poems /  |c by Thomas Buchanan Read. 
264 1 |a Philadelphia :  |b J.B. Lippincott,  |c 1865. 
300 |a ix, 11-154 pages ;  |c 20 cm. 
336 |a text  |b txt  |2 rdacontent 
337 |a microform  |b h  |2 rdamedia 
338 |a microfilm reel  |b hd  |2 rdacarrier 
510 4 |a Sabin 68183 
510 4 |a BAL  |c 16464 
500 |a Master microform held by: ResP. 
533 |a Microfilm.  |b Woodbridge, Conn. :  |c Research Publications,  |d 1977.  |e 1 microfilm reel ; 35 mm.  |f (American Poetry, 1609-1900. Segment III ; no. 2586). 
539 |a s  |b 1977  |d ctu  |e n 
500 |a Microform. 
600 1 0 |a Sheridan, Philip Henry,  |d 1831-1888  |v Poetry. 
650 0 |a Cedar Creek, Battle of, Va., 1864  |v Poetry. 
740 0 |a Sheridan's ride. 
830 0 |a American Poetry, 1609-1900.  |n Segment III ;  |v no. 2586. 
999 |a MARS 
999 f f |s 20552dfb-bedb-3b65-9fc1-deadfb1989e5  |i 85312914-240a-3e49-9228-ae9837b36071  |t 0 
952 f f |p default  |a Texas A&M University  |b College Station  |c Sterling C. Evans Library  |d Evans: Microforms (3rd floor)  |t 0  |e film B 3870 Segment III, no. 2586  |h Other scheme  |i microform -- microfilm reel 
998 f f |a film B 3870 Segment III, no. 2586  |t 0  |l Evans: Microforms (3rd floor)